[Event "Baden-ch op U1400"]
[Site "Haslach im Kinzigtal"]
[Date "2010.06.02"]
[Round "3"]
[White "Denz, Reiner"]
[Black "Gschnitzer, Adrian"]
[Result "1/2-1/2"]
[WhiteElo "1345"]
[BlackElo "1279"]
[PlyCount "49"]
[EventDate "2010.05.31"]
[EventType "swiss"]
[EventRounds "7"]
[EventCountry "GER"]
[SourceTitle "EXT 2011"]
[Source "ChessBase"]
[SourceDate "2010.11.26"]
[SourceVersion "1"]
[SourceVersionDate "2010.11.26"]
[SourceQuality "1"]

1. Nf3 c5 2. g3 Nc6 3. Bg2 g6 4. 0-0 Bg7 5. d3 Nf6 6. Nc3 0-0 7. e4 d5 8. Re1 d4 9. Ne2 e5 10. c3 Kh8 11. cxd4 cxd4 12. Bg5 h6 13. Bd2 Qb6 14. Qc2 Be6 15. b3 Rac8 16. Rec1 Nb4 17. Qb1 Rxc1+ 18. Nxc1 Rc8 19. Nxe5 Nxe4 20. Nxg6+ fxg6 21. Bxe4 Nc2 22. Bxg6 Nxa1 23. Qxa1 Qc5 24. Qb2 Qc2 25. Qxc2 1/2-1/2